000 00703nam a2200205Ia 4500
003 GCL
008 140319s9999 xx 000 0 ara d
020 _a813620996
040 _aGCL /
_cGCL
082 0 4 _a367.9531
_bم ب
100 1 _aمحمد بن على العتيق
245 1 0 _aبيت الشباب تنظيما اجتماعيا /
_cمحمد بن على العتيق
260 _aالرياض :
_bمكتبة العبيكان ،
_c1995
300 _a205 ص ؛
_c24 سم
650 0 4 _aالنوادى الاجتماعية
650 0 4 _aالسعودية - بيوت الشباب
650 0 4 _aالشباب - رعاية اجتماعية
650 0 4 _aالشباب - نوادى
942 _2ddc
_cBK
999 _c7132
_d7132